00552 2200193 4500001002100000005001500021035002000036007000300056008004100059020002200100082001100122084001700133100003300150245006800183260003400251300004300285650001400328990001600342INLIS00000000000032620240129110456 a0010-0124000009ta240129 g 0 ind  a978-602-344-214-0 a631.17 a631.17 RET e0 aRetno Sri Hartati Mulyandari1 a600 Teknologi Inovasi Pertanian /cRetno Sri Hartati Mulyandari aJakarta :bIAARD Press,c2018 aiv, 638 hlm, :bilus, ;c18 cm x 23 cm 4aPertanian a00000000365